MDQL
is popping MORE tags! Check the
thread
!
Quizzes
Events
Quiz Creation
Community
Videos
Private Events
Remove Ads
Sign In
Join for FREE
Feedback
Dark Mode
Quiz Categories
Sports
Geography
Music
Movies
Television
Just For Fun
Miscellaneous
History
Literature
Language
Science
Gaming
Entertainment
Religion
Holiday
For Kids
Quiz Lab
Recent
Popular Today
Quiz Kudos Today
Editor Picks
Curator Picks
Quizzes by...
Day
Popularity
Type
Ratings
Length
Year
Community
Subscriptions
Recent Discussions
Orange Saloon
Badges
Playlists
Quests
Create
Leaderboards
Showdown
Live 5
Trivia Bingo
Activity
Puzzle Library
Sporcle Events
Private Events
Virtual Trivia
Globe League
Become a Host
Pub Owners
SporcleCon
Opinionation
Our Games
Videos
Blog
Mobile Apps
Partnerships
Remove Ads and Go Orange
Feedback
Sports
Athletes
MLB
NBA
NHL
NFL
Soccer
Sports Teams
WWE
NCAA
Football
Premier League
Basketball
Baseball
Hockey
Golf
Tennis
Cricket
Rugby
Auto Racing
Olympics
World Cup
Sports
Athletes
MLB
NBA
NHL
NFL
Soccer
Sports Teams
WWE
NCAA
Football
Premier League
Basketball
Baseball
Hockey
Golf
Tennis
Cricket
Rugby
Auto Racing
Olympics
World Cup
Random Quiz
Search Sporcle
×
Quiz Lab
Quiz Lab
Sports
Baseball
Type in answers that appear in a list
Type in answers that appear in a list
Classic
Best Score? Go Orange.
MLB Hit Leaders (2000s) Stats
Can you name the MLB Hit Leaders By League (2000s)?
By
buzzerbeat
9m
100 Questions
173 Plays
173 Plays
173 Plays
Comments
Comments
Give Quiz Kudos
Give Quiz Kudos
-
- Ratings
hide this ad
More Info
Replay
Link that replays current quiz
Next Quiz
Link to next quiz in quiz playlist
You Got
0%
They Got
Avg Score
67%
Avg Friend Score
Upgrade to see
Score Distribution
Jump to the score distribution portion of the page
Score
0/100
Timer
09:00
0
Plays Today
Year
Player
% Correct
2000
Derek Jeter
97.1%
2005
Derek Jeter
97.1%
2006
Derek Jeter
97.1%
2007
Derek Jeter
97.1%
2009
Derek Jeter
97.1%
2008
Albert Pujols
92.5%
2005
Albert Pujols
92.5%
2004
Albert Pujols
92.5%
2003
Albert Pujols
92.5%
2002
Albert Pujols
92.5%
2001
Albert Pujols
92.5%
2001
Ichiro
91.9%
2002
Ichiro
91.9%
2003
Ichiro
91.9%
2004
Ichiro
91.9%
2005
Ichiro
91.9%
2006
Ichiro
91.9%
2007
Ichiro
91.9%
2008
Ichiro
91.9%
2009
Ichiro
91.9%
2001
Alex Rodriguez
90.8%
2009
Hanley Ramirez
87.3%
2007
Hanley Ramirez
87.3%
2009
Miguel Cabrera
86.7%
2007
Jimmy Rollins
86.7%
2005
Jimmy Rollins
86.7%
2005
Miguel Cabrera
86.7%
2000
Andruw Jones
86.1%
2008
Jose Reyes
82.7%
2005
Jose Reyes
82.7%
2000
Todd Helton
81.5%
2006
Chase Utley
81.5%
2003
Todd Helton
81.5%
2001
Todd Helton
81.5%
Year
Player
% Correct
2001
Luis Gonzalez
80.3%
2003
Michael Young
79.8%
2004
Michael Young
79.8%
2005
Michael Young
79.8%
2006
Michael Young
79.8%
2007
Michael Young
79.8%
2009
Ryan Braun
76.3%
2008
David Wright
75.7%
2007
David Wright
75.7%
2002
Miguel Tejada
73.4%
2004
Miguel Tejada
73.4%
2005
Miguel Tejada
73.4%
2006
Miguel Tejada
73.4%
2009
Miguel Tejada
73.4%
2009
Robinson Cano
72.8%
2008
Dustin Pedroia
72.3%
2000
Vladimir Guerrero
71.1%
2004
Vladimir Guerrero
71.1%
2006
Vladimir Guerrero
71.1%
2002
Vladimir Guerrero
71.1%
2002
Alfonso Soriano
70.5%
2005
Derek Lee
70.5%
2002
Bernie Williams
68.2%
2000
Jeff Kent
67.6%
2007
Magglio Ordonez
67.6%
2002
Jeff Kent
67.6%
2008
Josh Hamilton
66.5%
2004
Adrian Beltre
66.5%
2007
Juan Pierre
64.7%
2006
Juan Pierre
64.7%
2004
Juan Pierre
64.7%
2003
Juan Pierre
64.7%
2001
Juan Pierre
64.7%
2007
Matt Holliday
63%
Year
Player
% Correct
2000
Johnny Damon
61.3%
2005
Johnny Damon
61.3%
2008
Justin Morneau
61.3%
2000
Nomar Garciaparra
59.5%
2002
Nomar Garciaparra
59.5%
2003
Nomar Garciaparra
59.5%
2001
Garret Anderson
57.2%
2003
Garret Anderson
57.2%
2003
Vernon Wells
55.5%
2001
Bret Boone
54.9%
2000
Darin Erstad
50.3%
2002
Luis Castillo
50.3%
2006
Rafael Furcal
48.6%
2003
Rafael Furcal
48.6%
2006
Freddy Sanchez
46.8%
2000
Mike Sweeney
42.2%
2004
Jack Wilson
41%
2007
Placido Polanco
39.9%
2003
Edgar Renteria
39.9%
2008
Jose Lopez
39.3%
2009
Felipe Lopez
39.3%
2000
Jose Vidro
28.9%
2002
Jose Vidro
28.9%
2009
Aaron Hill
28.3%
2001
Shannon Stewart
27.7%
2009
Pablo Sandoval
24.3%
2001
Rich Aurilia
23.7%
2004
Mark Loretta
18.5%
2008
Randy Winn
14.5%
2006
Garrett Atkins
12.7%
2008
Cristian Guzman
11.6%
2004
Mark Kotsay
5.8%
Quiz Playlist
Details
Report
Send in Message
Add To Playlist
More Info:
- Last Names Only - Name players - Top 5 hit leaders in AL and NL
Classic:
Type in answers that appear in a list
Quiz Source
Last Updated: Feb 16, 2017
Quiz Scoreboard
CHALLENGE
Sign Up to Join the Scoreboard
Show All
Scores
Hide
Comments
May contain spoilers
Recently Published
Street Fighter Characters
by Artimus82
Gaming
60s
9x9 Crossword: Cartoon Network
by jackfrog10
Miscellaneous
3m
College Basketball Coaching Resumes
by pancakes188
Sports
9m
More to Explore
Quiz From the Vault
Featured Blog Post
Where Did the Easter Bunny Come From?
hide this ad
You Might Also Like...
Tags
Baseball Quiz
MLB Quiz
2000
hit
Hits Leaders
League
Player
Today's Top Quizzes in Sports
Browse Sports
hide this ad
Today's Top Quizzes in Baseball
Browse Baseball
Top Contributed Quizzes in Sports
1
2022 World Cup Stars
2
Les meilleurs buteurs des matchs entre le PSG et l’OM
3
FIFA Club World Cup Champions
4
Les entraîneurs de l'OM et du PSG au 21e siècle
5
Criteria MLB: Left Handed Sluggers
6
2023 MLB Unique Player Accomplishments
7
AFC Teams Reveal (Wrong Answers Minefield)
8
5-to-1: FBS Animal Nicknames
9
Players with Multiple 50 Home Run Seasons
10
5-to-1: UK Sports Teams
Explore More
Trending Topics
Kpop
Harry Potter
Disney
Marvel
NBA
Crossword
Anime
Country
Song
The Office
Soccer
Pokémon
NFL
WWE
Puzzle
hide this ad
More By:
buzzerbeat
Quiz
Plays
Rating
Category
Featured
Created
NCAA Champions (2000s): Baseball, Football, Basketball
342
4.50
Sports
Jun 14, 2013
Sports Championships
296
1.25
Sports
Oct 7, 2014
MLB Postseason Teams (2010-17)
205
5.00
Sports
Jan 27, 2018
MLB Hit Leaders (2000s)
173
4.00
Sports
Feb 11, 2013
Go to Creator's Profile
Score Distribution
Quiz Creator Spotlight
buzzerbeat
Follow
Send a Message
Quizzes Created
-
Created Quiz Play Count
-
More By This Creator
Popular Quizzes Today
1
Find the US States - No Outlines Minefield
2
Find the Countries of Europe - No Outlines Minefield
3
The Countries of the World
4
Find the US States
5
Risky Map Clicking: Biggest States A-Z
6
US States
7
Popular People in 1961
8
Movies - When Are They Set?
More Sports Quizzes
Vicent Kompany's Winning XI's against Manchester United
Quiz Lab
Trending Quizzes
Risky Map Clicking: Least Populous States A-Z
Countries of the World: 200 Million BC
Billboard Blitz: Aretha Franklin
1-10 Letter G Words
Famous Russians: Author or Composer?
Recently Updated
Leaping Animals
pecheneg
Reality TV Shows (A-Z)
bhenderson79
Rickey Henderson's Hall of Fame Teammates
pecheneg
Champions League XIs: Arsenal
pecheneg
Quick Pick: Celebrities in WWE's Hall of Fame
aduchscher
A-Z Keypad Blitz II
pecheneg
Multiple Oscar Actors
pecheneg
Mystery Phrase Blitz: Oscar 'Best Actors'
pecheneg
F. Scott Fitzgerald Novels
LTH
Pick 3 Villains
ddd62291
Trending Topics
Disney
Harry Potter
NBA
Crossword
Marvel
Anime
Kpop
Song
The Office
WWE
Soccer
NFL
Puzzle
Country
Pokémon
Your Account Isn't Verified!
In order to create a playlist on Sporcle, you need to verify the email address you used during registration. Go to your
Sporcle Settings
to finish the process.
Report this User
Report this user for behavior that violates our
Community Guidelines
.
Details:
Send Report
Go to the Sporcle.com Mobile Site →
Comments